Normal view
MARC view
- Fatemah Amal
Entry Personal Name
001 - CONTROL NUMBER
- control field: 27686
003 - CONTROL NUMBER IDENTIFIER
- control field: NUST
005 - DATE AND TIME OF LATEST TRANSACTION
- control field: 20200116160602.0
008 - FIXED-LENGTH DATA ELEMENTS
- fixed length control field: 200116|| aca||aabn | a|a d
040 ## - CATALOGING SOURCE
- Original cataloging agency: NUST
- Transcribing agency: NUST
100 ## - HEADING--PERSONAL NAME
- Personal name: Fatemah Amal
670 ## - SOURCE DATA FOUND
- Source citation: Work cat.: (NUST): Fatemah Amal, MS Thesis:Design of an Integrated Pipeline for the Visualization of 3D Molecular Models to Study the Effects on Spatial Learning Ability , 2019
